| 000 | 00909nam a22002537a 4500 | ||
|---|---|---|---|
| 005 | 20240530110403.0 | ||
| 008 | 150121s2012 ua fd f b 000 0 ara d | ||
| 040 | _aEG-CaGPL | ||
| 041 | 0 | _aara | |
| 082 | 0 | 4 |
_221 _a721.02889621 _bإ ع |
| 100 | 1 | _aابراهيم محمد عبدالله | |
| 245 | 1 | 0 |
_aعلاج و صيانة المبانى / _cابراهيم محمد عبدالله |
| 250 | _aط1 | ||
| 260 |
_aالاسكندرية : _bدار الوفاء لدنيا الطباعة و النشر ، _c2012 |
||
| 300 |
_a404 ص : _bايض ؛ _c24 سم |
||
| 504 | _aببليوجرافية : ص 375 - 404 | ||
| 650 | 0 | 4 |
_aرشيد _xتاريخ |
| 650 | 0 | 4 |
_aالعمارة _xتصميمات _zرشيد |
| 650 | 0 | 4 |
_aالتصميم الزخرفى _zرشيد |
| 650 | 0 | 4 |
_aرشيد _xاثار |
| 650 | 0 | 4 |
_aمنزل مكى _xترميم |
| 942 |
_2ddc _cBK |
||
| 999 |
_c60294 _d60294 |
||